Statistics for Top 5 NFL Players ever to play for the Ravens

Click here to take the quiz!

General Stats

  • This quiz has been taken 38 times
  • The average score is 4 of 5

Answer Stats

CareerPos.Player% Correct
1996-2012LBRay Lewis
100%
2002-2012SEd Reed
94%
2004-2005CBDeion Sanders
65%
2016KRDevin Hester
65%
1996-2008OTJonathan Ogden
62%

Score Distribution

Percentile by Number Answered

Percent of People with Each Score

Your Score History

You have not taken this quiz